| 000 | 00332nam a2200109Ia 4500 | ||
|---|---|---|---|
| 008 | 200302s9999 xx 000 0 und d | ||
| 100 | _aRoss Spiegel and Dru Meadows | ||
| 245 | _aA Guide to Product Selection and Specifications Green Building Materials 3rd ed., | ||
| 260 | _bJohn- Wiley & Sons, Inc., | ||
| 260 | _c2012 | ||
| 300 | _a387 | ||
| 999 |
_c3376 _d3376 |
||